DIPTEROCARPS; part 1 : covering literature abstacted from 1939-1972
| Corporate Author: | |
|---|---|
| Format: | Book |
| Published: |
Slough, UK :
Commonwealth Agricultural Bureaux ,
1980
|
| Subjects: |
MARC
| LEADER | 00000cam a2200000 7i4500 | ||
|---|---|---|---|
| 001 | 0000002263 | ||
| 005 | 20030422.0 | ||
| 090 | 0 | 0 | |a 583.624 |b DIP 1980 |
| 245 | 0 | 0 | |a DIPTEROCARPS; part 1 : |b covering literature abstacted from 1939-1972 |
| 260 | 0 | 0 | |a Slough, UK : |b Commonwealth Agricultural Bureaux , |c 1980 |
| 300 | |a 121 p. ; |c 30 cm. | ||
| 500 | 0 | 0 | |a Includes index |
| 650 | 0 | 0 | |a Dipterocarpaceae |x Bibliography |
| 710 | 1 | 1 | |a Commonwealth Agricultural Bureaux (CAB) |
| 998 | |a JPSM | ||
| 999 | |a 0000003982 |b Monograph |c Open Shelf |e Default branch | ||